| 000 | 00584nam a22001937a 4500 | ||
|---|---|---|---|
| 005 | 20251108164256.0 | ||
| 008 | 250721s9999 xx 000 0 ara d | ||
| 082 | 1 | 4 | _a623.8/حسن |
| 100 | 1 | _aالشريف، حسن علي | |
| 245 | 1 | 0 |
_aمناورات السفن و القاطرات : _bالأسس العلمية و التطبيقات العملية / |
| 264 | _c[19-]. | ||
| 300 | _a322ص | ||
| 650 | 1 | 7 | _aالقاطرات |
| 650 | 1 | 7 | _aالسفن |
| 650 | 1 | 7 | _aالهندسة البحرية |
| 650 | 1 | 7 | _aالملاحة البحرية |
| 942 |
_2ddc _cBK |
||
| 999 |
_c8107 _d8107 |
||